01415nam a2200337Ia 4500001001200000003000800012006001900020007001500039008004100054010001700095020001800112020002800130040002100158035002100179050002500200100002800225245012700253260004800380300001500428490004200443504006400485533015200549600003000701630006700731650004700798655002900845710001700874830004300891856012600934999001701060ebr10278395CaPaEBRm u cr cn|||||||||980610s1999 nyu sb 001 0 eng d z 98028136  z9780195128284 z0195128281 (alk. paper) aCaPaEBRcCaPaEBR a(OCoLC)25300884014aBT771.2b.P52 1999eb1 aPitkin, Barbara,d1959-10aWhat pure eyes could seeh[electronic resource] :bCalvin's doctrine of faith in its exegetical context /cBarbara Pitkin. aNew York :bOxford University Press,c1999. aix, 260 p.1 aOxford studies in historical theology aIncludes bibliographical references (p. 241-255) and index. aElectronic reproduction.bPalo Alto, Calif. :cebrary,d2011.nAvailable via World Wide Web.nAccess may be limited to ebrary affiliated libraries.10aCalvin, Jean,d1509-1564.00aBiblexCriticism, interpretation, etc.xHistoryy16th century. 0aFaithxHistory of doctrinesy16th century. 7aElectronic books.2local2 aebrary, Inc. 0aOxford studies in historical theology.40uhttp://site.ebrary.com/lib/rucke/Doc?id=10278395zAn electronic book accessible through the World Wide Web; click to view c19173d19173